| 000 | 00408nam a22001217a 4500 | ||
|---|---|---|---|
| 005 | 20150202121707.0 | ||
| 008 | 150202b xxu||||| |||| 00| 0 eng d | ||
| 050 |
_aLB 2846 _b.H638 2003 |
||
| 245 | _aHigher education statistical bulletin AY 2002-2003 / | ||
| 260 |
_aPhilippines, Pasig City : _bCommission on Higher Education, _cc2003. |
||
| 300 |
_a64 pages : _billustrations ; _c21 cm. |
||
| 942 |
_2lcc _cBK _kLOC |
||
| 999 |
_c282511 _d282511 |
||